000 00682nam a2200229 4500
003 OSt
005 20240716071105.0
006 a
008 240716b |||||||| |||| 00| 0 eng d
020 _a047170511
040 _aDWCL-Main lib.
_cOC
082 _2Sixth edition
_aCirc. 620.1 R573m 2007
100 _aRiley, William F.
245 _aMechanics of materials /
250 _aSixth edition
260 _aN. J. :
_bJohn Wiley & Sons, Inc.,
_cc2007.
300 _aviii,
_b711 p. : ill. ;
_c26 cm.
504 _aIncludes index.
650 _a1. Strength of materials.
650 _a2. Structural analysis (Engineering).
942 _2ddc
_n0
_cBK-CIRC
_eSixth edition
_kCirc.
999 _c2263
_d2263